000 00396nam a22001697a 4500
003 CEME
005 20210628203553.0
008 210201b xxu||||| |||| 00| 0 eng d
040 _c.
082 _a891.4393 TAH
100 _a Tahir Javed Mughal
_965381
245 _aJohri qayamat
260 _aLAHORE
_bAFTAB
_c2000
300 _a256P
650 _aURDU ADAB-NOVEL
_920918
942 _cBK
_2ddc
999 _c574296
_d574296